[Event "77th Ukrainian Chess Championship"]
[Site "Poltava"]
[Date "2008.12.04"]
[Round "3"]
[White "Zubarev, Alexander"]
[Black "Oleksienko, Mikhailo"]
[Result "1/2-1/2"]
[WhiteElo "2546"]
[BlackElo "2585"]
[PlyCount "88"]
[EventDate "2008.12.02"]

1. d4 d5 2. c4 c6 3. Nc3 Nf6 4. e3 Bf5 5. cxd5 Nxd5 6. f3 e5 7. e4 Nxc3 8. bxc3
Be6 9. Ne2 Qa5 10. Bd2 Na6 11. Kf2 Rd8 12. g4 Ba3 13. Qc2 O-O 14. Be3 Nc7 15.
Rg1 Bc4 16. f4 Nb5 17. fxe5 Bxe2 18. Bxe2 Qxc3 19. Qxc3 Nxc3 20. Bf3 Bb2 21.
Rae1 Nb5 22. d5 Bxe5 23. Kg2 Nd4 24. Rd1 c5 25. Rb1 b6 26. h4 Rfe8 27. Rgc1 Re7
28. a4 Rde8 29. Rc4 Nxf3 30. Kxf3 Bd4 31. Bxd4 Rxe4 32. d6 Rxd4 33. Rxd4 cxd4
34. Rd1 f6 35. Rxd4 Kf7 36. Rc4 Ke6 37. Rc7 Kxd6 38. Rxa7 Re7 39. Ra8 Kc6 40.
h5 h6 41. Kf4 Re5 42. Ra7 Rg5 43. Rf7 Kc5 44. Rb7 Kc6 1/2-1/2

[Event "77th Ukrainian Chess Championship"]
[Site "Poltava"]
[Date "2008.12.04"]
[Round "3"]
[White "Zubov, Alexander"]
[Black "Zherebukh, Yaroslav"]
[Result "1-0"]
[WhiteElo "2564"]
[BlackElo "2473"]
[PlyCount "61"]
[EventDate "2008.12.02"]

1. d4 Nf6 2. c4 c5 3. d5 e6 4. Nc3 exd5 5. cxd5 d6 6. Nf3 g6 7. e4 a6 8. h3 b5
9. Bd3 Bg7 10. O-O O-O 11. Bf4 Nh5 12. Bg5 Bf6 13. Be3 b4 14. Na4 Nd7 15. Nd2
Ne5 16. Be2 Bd7 17. f4 Ng3 18. fxe5 Bxa4 19. Qxa4 Bg5 20. Bxg5 Qxg5 21. Qd1
Nxf1 22. Bxf1 Qxe5 23. Nc4 Qxe4 24. Nxd6 Qf4 25. Nc4 Rad8 26. d6 Rfe8 27. Qd5
Re4 28. Qxc5 Rd4 29. Re1 h5 30. b3 g5 31. Re5 1-0

[Event "77th Ukrainian Chess Championship"]
[Site "Poltava"]
[Date "2008.12.04"]
[Round "3"]
[White "Kovchan, Alexander"]
[Black "Boroday, Sergey"]
[Result "1-0"]
[WhiteElo "2545"]
[BlackElo "2370"]
[PlyCount "75"]
[EventDate "2008.12.02"]

1. e4 c5 2. Nf3 Nc6 3. d4 cxd4 4. Nxd4 Nf6 5. Nc3 d6 6. f3 e5 7. Nb3 Be7 8. Be3
Be6 9. Nd5 O-O 10. c4 Ne8 11. Qd2 h6 12. Nxe7+ Nxe7 13. Be2 a5 14. Rc1 a4 15.
Na1 f5 16. exf5 Nxf5 17. Bf2 b5 18. cxb5 d5 19. O-O Ned6 20. Nc2 d4 21. Nb4 Qf6
22. Bd3 Rae8 23. Rfe1 Kh8 24. Rc5 Nf7 25. Nd5 Bxd5 26. Rxd5 Ne7 27. Rc5 Qd6 28.
Qc2 Nd5 29. a3 Nf4 30. Rc6 Qd8 31. Bg3 Ng5 32. Bxf4 exf4 33. Rd1 Re3 34. Bf1
Nf7 35. Rc4 Ne5 36. Rcxd4 Qb6 37. Kh1 Qb7 38. Rxf4 1-0

[Event "77th Ukrainian Chess Championship"]
[Site "Poltava"]
[Date "2008.12.04"]
[Round "3"]
[White "Tukhaev, Adam"]
[Black "Pavlov, Maxim"]
[Result "1-0"]
[WhiteElo "2498"]
[BlackElo "2367"]
[PlyCount "95"]
[EventDate "2008.12.02"]

1. e4 e5 2. Nf3 Nc6 3. Bb5 a6 4. Ba4 Nf6 5. O-O b5 6. Bb3 Bc5 7. c3 d6 8. d4
Bb6 9. a4 Bb7 10. Bg5 h6 11. Bxf6 Qxf6 12. axb5 axb5 13. Rxa8+ Bxa8 14. d5 Ne7
15. Na3 O-O 16. Nxb5 Bb7 17. Na3 Qf4 18. Nd2 Bc8 19. Nac4 Bg4 20. Qe1 Ba7 21.
Ne3 Bd7 22. Bc2 g6 23. Qe2 f5 24. Ra1 Bb6 25. Ndc4 Bb5 26. Qd2 fxe4 27. Nxb6
cxb6 28. c4 Be8 29. g3 Qf3 30. Bd1 Qf7 31. Ra7 h5 32. Bc2 Qf6 33. Bxe4 Nf5 34.
h4 Nd4 35. Nd1 b5 36. Qh6 Bf7 37. cxb5 Nxb5 38. Rb7 Nd4 39. Ne3 Rc8 40. Kg2 Ne2
41. Bf5 Re8 42. Be6 Rxe6 43. dxe6 Qxe6 44. Nf5 gxf5 45. Rb8+ Qe8 46. Rxe8+ Bxe8
47. Qe6+ Bf7 48. Qxd6 1-0

[Event "77th Ukrainian Chess Championship"]
[Site "Poltava"]
[Date "2008.12.05"]
[Round "4"]
[White "Korobov, Anton"]
[Black "Borovikov, Vladislav"]
[Result "1-0"]
[WhiteElo "2605"]
[BlackElo "2580"]
[PlyCount "67"]
[EventDate "2008.12.02"]

1. d4 d5 2. c4 c6 3. Nc3 Nf6 4. Nf3 a6 5. c5 Nbd7 6. Bf4 Nh5 7. g3 g6 8. Qd2
Nxf4 9. gxf4 Bg7 10. e3 O-O 11. h4 b6 12. cxb6 c5 13. h5 cxd4 14. Nxd4 Nxb6 15.
Bd3 e6 16. f3 Bd7 17. hxg6 hxg6 18. Qh2 Re8 19. O-O-O Qf6 20. Kb1 e5 21. fxe5
Rxe5 22. Qd2 Rae8 23. Rde1 Qe7 24. e4 dxe4 25. fxe4 Bb5 26. Bxb5 axb5 27. Nc6
Qc5 28. Nxe5 Qxe5 29. Qh2 Qe6 30. Nxb5 Na4 31. Nc7 Qb6 32. Nxe8 Bxb2 33. Qc7
Qb5 34. Qxf7+ 1-0

[Event "77th Ukrainian Chess Championship"]
[Site "Poltava"]
[Date "2008.12.05"]
[Round "4"]
[White "Baklan, Vladimir"]
[Black "Drozdovskij, Yuri"]
[Result "0-1"]
[WhiteElo "2625"]
[BlackElo "2587"]
[PlyCount "138"]
[EventDate "2008.12.02"]

1. e4 e6 2. d4 d5 3. Nc3 Nf6 4. Bg5 dxe4 5. Nxe4 Be7 6. Bxf6 gxf6 7. Qd3 Nc6 8.
c3 Qd5 9. Qf3 f5 10. Nd2 Qxf3 11. Ngxf3 Bf6 12. O-O-O Ne7 13. Nc4 b6 14. Nce5
Bb7 15. Bb5+ c6 16. Ba4 Rc8 17. Rhe1 Rc7 18. h3 O-O 19. Bc2 Ng6 20. Re3 {(=)}
c5 21. Nxg6 hxg6 22. dxc5 Rxc5 23. Rd7 Rb8 24. g3 Rd5 25. Rxd5 Bxd5 26. Bb3 Bb7
27. h4 Rd8 28. Ng5 Be7 29. Re2 Bc5 30. Bc4 f4 31. gxf4 Bd6 32. f5 gxf5 33. Kc2
Bf4 34. Bd3 Kg7 35. Nh3 Bb8 36. Ng5 Rh8 37. Nxe6+ fxe6 38. Rxe6 Bd5 39. Re7+
Kf6 40. Rd7 Bc6 41. Rd4 Be5 42. Rb4 Rg8 43. Kd2 Rg2 44. Ke1 Rh2 45. a4 Rh1+ 46.
Kd2 f4 47. Rc4 Bd7 48. a5 b5 49. Rc5 a6 50. Be4 Rh2 51. Ke1 Bb8 52. Rg5 Ba7 53.
Rg2 Rxh4 54. Bb7 Rh1+ 55. Ke2 Rh7 56. f3 Re7+ 57. Be4 Bf5 58. Rg8 Bxe4 59. fxe4
Be3 60. Kf3 Ke5 61. Rg5+ Kd6 62. b4 Rc7 63. Rg6+ Ke5 64. Rxa6 Rxc3 65. Ra8 Bd4+
66. Kg4 Kxe4 67. a6 Rg3+ 68. Kh4 Ra3 69. Kg4 f3 0-1

[Event "77th Ukrainian Chess Championship"]
[Site "Poltava"]
[Date "2008.12.05"]
[Round "4"]
[White "Nyzhnyk, Illya"]
[Black "Kuzubov, Yuriy"]
[Result "1-0"]
[WhiteElo "2444"]
[BlackElo "2622"]
[PlyCount "79"]
[EventDate "2008.12.02"]

1. e4 c5 2. Nf3 d6 3. d4 Nf6 4. dxc5 Nxe4 5. cxd6 Nc6 6. Na3 Nxd6 7. Bf4 Bg4 8.
h3 Bh5 9. Qd5 Bxf3 10. Qxf3 e5 11. Be3 Qa5+ 12. c3 Qa4 13. Rd1 O-O-O 14. Rd5
Be7 15. Be2 f5 16. O-O Qe4 17. Rfd1 Qxf3 18. Bxf3 Kc7 19. Rxd6 Bxd6 20. Nb5+
Kb8 21. Nxd6 Rhf8 22. Bc5 Rf6 23. Bxc6 bxc6 24. Rd2 g5 25. Kf1 Kc7 26. Nc4 Rxd2
27. Nxd2 a6 28. Nf3 g4 29. Nxe5 gxh3 30. gxh3 Rh6 31. Kg2 Rh4 32. f3 Rh6 33. f4
Re6 34. a4 Re8 35. a5 Rg8+ 36. Kf3 Kb7 37. b4 Re8 38. Bd4 Rg8 39. Nd7 h6 40.
Bb6 1-0

[Event "77th Ukrainian Chess Championship"]
[Site "Poltava"]
[Date "2008.12.05"]
[Round "4"]
[White "Zubov, Alexander"]
[Black "Kononenko, Dmitry"]
[Result "1/2-1/2"]
[WhiteElo "2564"]
[BlackElo "2527"]
[PlyCount "33"]
[EventDate "2008.12.02"]

1. d4 Nf6 2. c4 c5 3. d5 e6 4. Nc3 exd5 5. cxd5 d6 6. Nf3 g6 7. e4 Bg7 8. h3
O-O 9. Bd3 b5 10. Bxb5 Nxe4 11. Nxe4 Qa5+ 12. Nfd2 Qxb5 13. Nxd6 Qa6 14. N2c4
Nd7 15. O-O Ne5 16. Nxe5 Qxd6 17. Nc4 1/2-1/2

[Event "77th Ukrainian Chess Championship"]
[Site "Poltava"]
[Date "2008.12.05"]
[Round "4"]
[White "Sitnikov, Anton"]
[Black "Zubarev, Alexander"]
[Result "1-0"]
[WhiteElo "2480"]
[BlackElo "2546"]
[PlyCount "157"]
[EventDate "2008.12.02"]

1. e4 e5 2. Nc3 Nc6 3. g3 Bc5 4. Bg2 Nf6 5. Nge2 a6 6. O-O d6 7. h3 O-O 8. Kh2
b5 9. a3 Bb7 10. f4 Re8 11. d3 Nd4 12. g4 exf4 13. Nxf4 Nd7 14. Ncd5 Ne6 15.
Nh5 c6 16. Ne3 Bxe3 17. Bxe3 c5 18. Qf3 Ne5 19. Qg3 f6 20. Rf2 d5 21. g5 Nxg5
22. h4 Qc7 23. Kh1 Qf7 24. Bxg5 Qxh5 25. Bxf6 Ng4 26. Rf5 Qxf5 27. exf5 Nxf6
28. Qc7 Rab8 29. Rg1 Rec8 30. Qg3 Bc6 31. c4 bxc4 32. dxc4 Rb7 33. cxd5 Be8 34.
d6 Rd7 35. Bf1 c4 36. Qe5 Kf8 37. Be2 Bf7 38. Bf3 Rcd8 39. Qg3 Bg8 40. Bc6 Bd5+
41. Bxd5 Nxd5 42. Qg4 Nf6 43. Qxc4 Rxd6 44. Re1 h5 45. Re6 Rd5 46. Qxa6 Rxf5
47. Kg2 Kg8 48. Rd6 Re8 49. Rd8 Rxd8 50. Qe6+ Kf8 51. Qxf5 Rd2+ 52. Kf3 Rxb2
53. a4 Rb3+ 54. Ke2 Ke7 55. Qc2 Rb7 56. Qc5+ Kd7 57. a5 Rc7 58. Qd4+ Kc8 59. a6
Rd7 60. Qb6 Nd5 61. Qc5+ Kb8 62. Qb5+ Kc8 63. Kf3 Rf7+ 64. Kg3 Nc7 65. Qb7+ Kd7
66. a7 Rf8 67. Qb8 Rf6 68. Qh8 Ra6 69. Qxg7+ Kc6 70. Qh6+ Kb7 71. Qxh5 Ra3+ 72.
Kf2 Rxa7 73. Qf7 Ra6 74. h5 Rh6 75. Kg3 Kc6 76. Qg7 Re6 77. h6 Nd5 78. h7 Ne7
79. Qc3+ 1-0

[Event "77th Ukrainian Chess Championship"]
[Site "Poltava"]
[Date "2008.12.05"]
[Round "4"]
[White "Maximov, Dmitry"]
[Black "Kryvoruchko, Yuriy"]
[Result "1/2-1/2"]
[WhiteElo "2497"]
[BlackElo "2627"]
[PlyCount "40"]
[EventDate "2008.12.02"]

1. e4 c5 2. Nf3 Nc6 3. Bb5 e6 4. O-O Nge7 5. Re1 a6 6. Bf1 d5 7. exd5 Nxd5 8.
d4 Nf6 9. Be3 Ng4 10. d5 Nxe3 11. Rxe3 Be7 12. Nc3 Nb4 13. dxe6 Bxe6 14. Qe2
O-O 15. Rd1 Qc8 16. a3 Nc6 17. Nd5 Bxd5 18. Rxd5 Qc7 19. Ng5 h6 20. Qh5 Bf6
1/2-1/2

[Event "77th Ukrainian Chess Championship"]
[Site "Poltava"]
[Date "2008.12.05"]
[Round "4"]
[White "Neverov, Valeriy"]
[Black "Kravtsiv, Martyn"]
[Result "0-1"]
[WhiteElo "2571"]
[BlackElo "2549"]
[PlyCount "86"]
[EventDate "2008.12.02"]

1. d4 Nf6 2. c4 e6 3. Nc3 Bb4 4. f3 O-O 5. a3 Bxc3+ 6. bxc3 c5 7. e4 Nc6 8. d5
Na5 9. Bg5 h6 10. Bh4 d6 11. Bd3 b6 12. f4 Re8 13. Ne2 exd5 14. cxd5 c4 15. Bb1
Nb3 16. Ra2 b5 17. O-O Qb6+ 18. Bf2 Qa5 19. Re1 Bd7 20. Nc1 Qxc3 21. Rc2 Qa1
22. Nxb3 cxb3 23. Rc7 Qxa3 24. e5 Qa5 25. Rc1 b2 26. Rc2 Bg4 27. Qd4 Rad8 28.
e6 fxe6 29. dxe6 Bxe6 30. Rxb2 Bc4 31. Rxe8+ Rxe8 32. h3 Qa1 33. Kh2 a5 34. Bh4
Rf8 35. Qd2 d5 36. Bg6 Ne4 37. Qd4 Qc1 38. g3 Qc3 39. Qxc3 Nxc3 40. Be7 Ra8 41.
g4 b4 42. h4 Ra7 43. Bc5 Ra6 0-1

[Event "77th Ukrainian Chess Championship"]
[Site "Poltava"]
[Date "2008.12.05"]
[Round "4"]
[White "Vovk, Yuri"]
[Black "Zherebukh, Yaroslav"]
[Result "1-0"]
[WhiteElo "2549"]
[BlackElo "2473"]
[PlyCount "61"]
[EventDate "2008.12.02"]

1. d4 Nf6 2. c4 e6 3. Nc3 Bb4 4. Qc2 d5 5. cxd5 exd5 6. Bg5 c5 7. dxc5 h6 8.
Bh4 g5 9. Bg3 Ne4 10. e3 Qa5 11. Nge2 Bf5 12. Be5 O-O 13. Nd4 Nd7 14. Nxf5 Nxe5
15. Ne7+ Kg7 16. Nexd5 Bxc3+ 17. bxc3 Rfd8 18. Rd1 Nf6 19. Nxf6 Rxd1+ 20. Qxd1
Qxc3+ 21. Qd2 Qa1+ 22. Ke2 Kxf6 23. g3 Nc4 24. Bg2 Qe5 25. Qb4 Qe6 26. Rd1 Re8
27. Rd4 Nxe3 28. Re4 Qxa2+ 29. Kxe3 Rd8 30. Qc3+ Kg6 31. Re7 1-0

[Event "77th Ukrainian Chess Championship"]
[Site "Poltava"]
[Date "2008.12.05"]
[Round "4"]
[White "Solovchuk, Alexey"]
[Black "Boroday, Sergey"]
[Result "0-1"]
[WhiteElo "2285"]
[BlackElo "2370"]
[PlyCount "86"]
[EventDate "2008.12.02"]

1. e4 c5 2. Nf3 Nc6 3. d4 cxd4 4. Nxd4 Nf6 5. Nc3 d6 6. g3 g6 7. Bg2 Nxd4 8.
Qxd4 Bg7 9. O-O O-O 10. Qd1 Bg4 11. f3 Qb6+ 12. Kh1 Be6 13. Re1 Rac8 14. g4
Rfe8 15. Ne2 d5 16. e5 Nd7 17. Nd4 Nxe5 18. Nxe6 Qxe6 19. Be3 Nc4 20. Bd4 Qd6
21. Bxg7 Kxg7 22. b3 Na3 23. Rc1 d4 24. f4 b6 25. Re4 Red8 26. Qd2 Rc3 27. f5
Qc5 28. Rf1 Rxc2 29. Qf4 f6 30. g5 gxf5 31. gxf6+ exf6 32. Bh3 Qc7 33. Bxf5
Qxf4 34. Rexf4 Rc7 35. Rd1 Nc2 36. Rh4 Kh8 37. Rh3 Rd5 38. Be6 Re5 39. Bc4 b5
40. Bd3 Re1+ 41. Rxe1 Nxe1 42. Bxb5 Rc1 43. Kg1 Nd3+ 0-1

[Event "77th Ukrainian Chess Championship"]
[Site "Poltava"]
[Date "2008.12.05"]
[Round "4"]
[White "Pavlov, Maxim"]
[Black "Shtanko, Dmitro"]
[Result "1-0"]
[WhiteElo "2367"]
[BlackElo "2301"]
[PlyCount "85"]
[EventDate "2008.12.02"]

1. e4 c6 2. d4 d5 3. e5 Bf5 4. Nf3 e6 5. a3 Nd7 6. Be2 Ne7 7. O-O c5 8. dxc5
Nc6 9. b4 a5 10. Nd4 axb4 11. Nxf5 exf5 12. Bb2 Nxc5 13. axb4 Rxa1 14. Bxa1
Nxb4 15. Bb5+ Nc6 16. Nc3 d4 17. Ne2 Ne6 18. Nxd4 Nexd4 19. Bxd4 Be7 20. c3 O-O
21. Qd3 Qd7 22. Rd1 Rd8 23. h3 Qd5 24. Qe2 Nxe5 25. Ba4 Ng6 26. Bb6 Nf4 27. Qf1
Qxd1 28. Bxd1 Rc8 29. c4 Bc5 30. Bxc5 Rxc5 31. Bf3 Rc7 32. g3 Ne6 33. Bd5 g6
34. Qa1 h5 35. Qf6 Nf8 36. Qb6 Re7 37. Bxb7 Re1+ 38. Kg2 Ne6 39. Bd5 Kg7 40.
Bxe6 Rxe6 41. Qd4+ Kf8 42. Qd8+ Kg7 43. c5 1-0

[Event "77th Ukrainian Chess Championship"]
[Site "Poltava"]
[Date "2008.12.06"]
[Round "5"]
[White "Miroshnichenko, Evgenij"]
[Black "Nyzhnyk, Illya"]
[Result "1-0"]
[WhiteElo "2632"]
[BlackElo "2444"]
[PlyCount "107"]
[EventDate "2008.12.02"]

1. c4 e5 2. g3 Nf6 3. Bg2 Nc6 4. Nf3 Bc5 5. Nc3 O-O 6. O-O h6 7. Nxe5 Bxf2+ 8.
Rxf2 Nxe5 9. b3 d6 10. d4 Ng6 11. h3 c6 12. e4 Rb8 13. Qd3 Re8 14. Be3 Be6 15.
d5 Ne5 16. Qd2 cxd5 17. exd5 Bd7 18. Bxa7 Ra8 19. Bd4 Nh7 20. Ne4 Ra6 21. Raf1
f6 22. a4 Qc7 23. g4 Raa8 24. Qb4 Nf7 25. Bb6 Qb8 26. Qd2 Nhg5 27. Ng3 Qc8 28.
h4 Nh7 29. Nf5 Bxf5 30. gxf5 Nf8 31. Rf3 Nd7 32. Bd4 Re7 33. Rg3 Nde5 34. Qf4
Kh8 35. Kh1 Qc7 36. Rg1 Rg8 37. Bf1 Nd7 38. Bd3 Nfe5 39. Be2 Qd8 40. R1g2 Qe8
41. a5 Qd8 42. b4 Qc7 43. Re3 Qd8 44. Bf1 Qc7 45. Qf2 Qd8 46. Reg3 Nf7 47. Bd3
Nfe5 48. Be2 Nf7 49. Bh5 Nfe5 50. c5 Nc4 51. c6 Nde5 52. Be2 Rge8 53. Qf4 b5
54. axb6 1-0

[Event "77th Ukrainian Chess Championship"]
[Site "Poltava"]
[Date "2008.12.06"]
[Round "5"]
[White "Borovikov, Vladislav"]
[Black "Zubov, Alexander"]
[Result "0-1"]
[WhiteElo "2580"]
[BlackElo "2564"]
[PlyCount "122"]
[EventDate "2008.12.02"]

1. d4 d5 2. c4 c6 3. Nc3 Nf6 4. Nf3 a6 5. e3 b5 6. b3 Bg4 7. h3 Bxf3 8. gxf3 e6
9. c5 Nbd7 10. f4 Qb8 11. Bb2 g6 12. Qc2 Nh5 13. Ne2 a5 14. a3 f5 15. Nc1 Be7
16. Be2 Ng7 17. Nd3 Bh4 18. O-O-O a4 19. b4 Qd8 20. Rdg1 Qe7 21. Rg2 Kd8 22.
Kb1 Kc7 23. Nc1 Ne8 24. Na2 Kc8 25. Nc3 Nc7 26. Bd3 Rf8 27. Bc1 Rh8 28. Ne2 Ne8
29. Ng1 Ng7 30. Nf3 Kc7 31. Qe2 Rab8 32. Bd2 Rb7 33. Be1 Rbb8 34. Kc2 Rhe8 35.
Rgg1 Rb7 36. Qf1 Rbb8 37. Be2 Rg8 38. Qg2 Rbe8 39. Kd1 Kd8 40. Qf1 Kc7 41. Bxb5
cxb5 42. Qxb5 Ra8 43. Qd3 Bf6 44. Nd2 Rgb8 45. Nb1 Kd8 46. Nc3 Ne8 47. Ke2 Bh4
48. Bd2 Ndf6 49. Rb1 Ne4 50. Rhf1 g5 51. b5 Qf7 52. b6 Qh5+ 53. Ke1 Qf3 54.
Nxe4 fxe4 55. Qc3 Ke7 56. fxg5 Ng7 57. c6 Nf5 58. b7 Ng3 59. Qc5+ Kf7 60. Qb5
Kg6 61. bxa8=Q Nxf1 0-1

[Event "77th Ukrainian Chess Championship"]
[Site "Poltava"]
[Date "2008.12.06"]
[Round "5"]
[White "Kononenko, Dmitry"]
[Black "Sitnikov, Anton"]
[Result "1-0"]
[WhiteElo "2527"]
[BlackElo "2480"]
[PlyCount "77"]
[EventDate "2008.12.02"]

1. e4 e5 2. Nf3 Nc6 3. Bb5 a6 4. Ba4 Nf6 5. O-O Be7 6. Re1 d6 7. Bxc6+ bxc6 8.
d4 exd4 9. Nxd4 Bg4 10. Qd3 Qd7 11. c4 O-O 12. Nc3 d5 13. e5 Ne8 14. Qg3 dxc4
15. Nxc6 Bc5 16. Be3 Bxe3 17. Rxe3 f5 18. exf6 Nxf6 19. Ne5 Qd4 20. Nxg4 Qxg4
21. Qxc7 Rab8 22. Rg3 Rfc8 23. Qe5 Re8 24. Qc7 Rbc8 25. Qb7 Qd7 26. Qf3 Re6 27.
Rd1 Qe7 28. h3 Rb8 29. Qf4 Rxb2 30. Qxc4 Kh8 31. Qc8+ Ng8 32. Rd8 Qf7 33. Rf3
Rf6 34. Rxf6 gxf6 35. Ne4 Rb6 36. Nd6 Qg7 37. Qe6 Rb1+ 38. Kh2 h6 39. Rd7 1-0

[Event "77th Ukrainian Chess Championship"]
[Site "Poltava"]
[Date "2008.12.06"]
[Round "5"]
[White "Kuzubov, Yuriy"]
[Black "Maximov, Dmitry"]
[Result "1-0"]
[WhiteElo "2622"]
[BlackElo "2497"]
[PlyCount "139"]
[EventDate "2008.12.02"]

1. d4 Nf6 2. c4 g6 3. Nc3 Bg7 4. e4 d6 5. Nf3 O-O 6. h3 e5 7. d5 a5 8. Bg5 h6
9. Be3 Na6 10. Nd2 Nh7 11. Be2 f5 12. f3 f4 13. Bf2 Nf6 14. Nf1 Nh5 15. Qd2 Kh7
16. O-O-O Bd7 17. Kb1 Qe7 18. Rc1 Bf6 19. Qe1 Nc5 20. Nd2 a4 21. Ka1 Ra6 22.
Ndb1 Rfa8 23. Na3 Rg8 24. Kb1 Raa8 25. Rd1 Rgd8 26. Rd2 Be8 27. Bd1 Ra6 28. Bc2
Rda8 29. Ncb5 Qd8 30. Qd1 Be7 31. Qe1 Bd7 32. Rd1 Rc8 33. Nc3 Rca8 34. Nab5 Be8
35. Rd2 b6 36. Qd1 Ra5 37. Bxc5 bxc5 38. Bxa4 Bh4 39. b3 Nf6 40. Rb2 Qb8 41.
Qd2 g5 42. Na3 Bxa4 43. Nxa4 h5 44. Nb5 Kg6 45. Nac3 Qb6 46. Ne2 Rh8 47. Nc1
Raa8 48. Nd3 Bg3 49. a4 g4 50. Ra2 gxf3 51. gxf3 h4 52. Rc1 Nd7 53. a5 Qb7 54.
Ka1 Nb8 55. b4 cxb4 56. Nxb4 Na6 57. Nd3 Rhb8 58. Rb2 Qc8 59. c5 Nxc5 60. Nxc5
dxc5 61. Rxc5 Qxh3 62. Rc6+ Kh5 63. Qc3 Re8 64. Nxc7 Qf1+ 65. Rb1 Qe2 66. Nxe8
Rxe8 67. d6 Qe3 68. d7 Qxc3+ 69. Rxc3 Rd8 70. Rd1 1-0

[Event "77th Ukrainian Chess Championship"]
[Site "Poltava"]
[Date "2008.12.06"]
[Round "5"]
[White "Kravtsiv, Martyn"]
[Black "Baklan, Vladimir"]
[Result "1/2-1/2"]
[WhiteElo "2549"]
[BlackElo "2625"]
[PlyCount "48"]
[EventDate "2008.12.02"]

1. e4 c5 2. Nf3 d6 3. d4 cxd4 4. Nxd4 Nf6 5. Nc3 Nc6 6. Bg5 e6 7. Qd2 Be7 8.
O-O-O O-O 9. f4 h6 10. h4 Nxd4 11. Qxd4 hxg5 12. hxg5 Ng4 13. Be2 e5 14. Qg1
exf4 15. Bxg4 Bxg5 16. Bf3 Re8 17. Rh5 g6 18. Rh1 Bf6 19. Nd5 Be6 20. Nxf6+
Qxf6 21. Rxd6 Kg7 22. e5 Qxe5 23. Qd4 Qxd4 24. Rxd4 Re7 1/2-1/2

[Event "77th Ukrainian Chess Championship"]
[Site "Poltava"]
[Date "2008.12.06"]
[Round "5"]
[White "Kryvoruchko, Yuriy"]
[Black "Vovk, Yuri"]
[Result "0-1"]
[WhiteElo "2627"]
[BlackElo "2549"]
[PlyCount "84"]
[EventDate "2008.12.02"]

1. e4 e5 2. Nf3 Nc6 3. Bb5 Nf6 4. O-O Nxe4 5. d4 a6 6. Ba4 b5 7. Bb3 d5 8. dxe5
Be6 9. Nbd2 Nc5 10. c3 Bg4 11. h3 Bh5 12. Bc2 Ne6 13. Re1 Bc5 14. Nb3 Ba7 15.
Bf5 O-O 16. Qd3 Bxf3 17. Qxf3 g6 18. Qg3 Ng7 19. Bc2 Nh5 20. Qg4 Re8 21. Bg5
Qc8 22. Qd1 Nxe5 23. Qxd5 c6 24. Qd1 Nc4 25. Qf3 Ne5 26. Qd1 Nc4 27. Qf3 f6 28.
Bh6 Ne5 29. Qd1 Qc7 30. Nd4 Rad8 31. Bb3+ Kh8 32. Qc2 Qc8 33. f4 c5 34. fxe5
cxd4 35. Qf2 fxe5 36. g4 Rf8 37. Bxf8 Rxf8 38. Qh2 dxc3+ 39. Kh1 Qc6+ 40. Qg2
Qxg2+ 41. Kxg2 Rf2+ 42. Kg1 Rxb2+ 0-1

[Event "77th Ukrainian Chess Championship"]
[Site "Poltava"]
[Date "2008.12.06"]
[Round "5"]
[White "Tukhaev, Adam"]
[Black "Oleksienko, Mikhailo"]
[Result "1-0"]
[WhiteElo "2498"]
[BlackElo "2585"]
[PlyCount "57"]
[EventDate "2008.12.02"]

1. e4 c5 2. Nf3 Nc6 3. d4 cxd4 4. Nxd4 Qb6 5. Nb3 Nf6 6. Nc3 e6 7. Qe2 d6 8.
Be3 Qc7 9. g4 a6 10. g5 Nd7 11. f4 b5 12. Bg2 Be7 13. O-O b4 14. Nd5 exd5 15.
exd5 Na5 16. Bd4 Nxb3 17. cxb3 Nc5 18. f5 Bxf5 19. Rxf5 O-O 20. Qh5 Nd7 21.
Bxg7 Kxg7 22. Be4 Qc5+ 23. Kh1 Qd4 24. Re1 Nc5 25. Bb1 Rae8 26. Rf3 f5 27.
gxf6+ Rxf6 28. Qxh7+ Kf8 29. Qh8+ 1-0

[Event "77th Ukrainian Chess Championship"]
[Site "Poltava"]
[Date "2008.12.06"]
[Round "5"]
[White "Boroday, Sergey"]
[Black "Gasanov, Eldar"]
[Result "1/2-1/2"]
[WhiteElo "2370"]
[BlackElo "2550"]
[PlyCount "131"]
[EventDate "2008.12.02"]

1. Nf3 c5 2. c4 Nc6 3. g3 g6 4. Bg2 Bg7 5. O-O d6 6. Nc3 e5 7. d3 Nge7 8. Rb1
O-O 9. a3 a5 10. Ne1 Be6 11. Nd5 Rb8 12. Nxe7+ Nxe7 13. b4 axb4 14. axb4 cxb4
15. Rxb4 d5 16. Nc2 dxc4 17. dxc4 Nc6 18. Ra4 Qxd1 19. Rxd1 Rfd8 20. Re1 h6 21.
Be3 f5 22. Rb1 e4 23. c5 Rd7 24. f3 Rbd8 25. fxe4 Rd1+ 26. Rxd1 Rxd1+ 27. Kf2
Bb3 28. Ra8+ Kh7 29. Ne1 Ne5 30. h3 Nc4 31. Nd3 Nxe3 32. Kxe3 Rg1 33. Kf2 Bd4+
34. e3 Bxe3+ 35. Kxe3 Rxg2 36. Rb8 Rxg3+ 37. Kd4 Bc2 38. Rxb7+ Kg8 39. Nf2 fxe4
40. Nxe4 Rd3+ 41. Kc4 Rxh3 42. Nd6 Ba4 43. Nb5 Rh4+ 44. Kd5 Rb4 45. Nd6 Rxb7
46. Nxb7 Kf7 47. Ke5 Ke7 48. Nd6 Bc6 49. Nc8+ Kd8 50. Nd6 Ke7 51. Nc8+ Kd7 52.
Nd6 h5 53. Kf4 Ke6 54. Kg5 Ke5 55. Nc8 Be4 56. Ne7 Ke6 57. Ng8 Ke5 58. Ne7 Ke6
59. Ng8 Bf3 60. Kf4 Bc6 61. Kg5 Kf7 62. Nf6 h4 63. Ng4 h3 64. Kh4 Bg2 65. Kg3
Ke6 66. Nf2 1/2-1/2

[Event "77th Ukrainian Chess Championship"]
[Site "Poltava"]
[Date "2008.12.06"]
[Round "5"]
[White "Shtanko, Dmitro"]
[Black "Zubarev, Alexander"]
[Result "0-1"]
[WhiteElo "2301"]
[BlackElo "2546"]
[PlyCount "92"]
[EventDate "2008.12.02"]

1. e4 g6 2. d4 Bg7 3. Nc3 d6 4. Nge2 a6 5. a4 Nf6 6. g3 Nc6 7. Bg2 O-O 8. h3 e5
9. Be3 exd4 10. Nxd4 Bd7 11. O-O Re8 12. Re1 h5 13. Qd2 Ne5 14. b3 c5 15. Nf3
Nxf3+ 16. Bxf3 Bxh3 17. Bg5 Qa5 18. Rad1 Be6 19. e5 Nd7 20. Bxb7 Rab8 21. Bg2
Nxe5 22. Ne4 Qxd2 23. Rxd2 Bg4 24. Re3 Re6 25. Nxd6 Rb4 26. Ne4 Rd4 27. c3 Rxd2
28. Nxd2 Rd6 29. Bf4 Rd3 30. a5 Be6 31. c4 Rxd2 32. Bxe5 Ra2 33. Bc7 Bd4 34.
Bb7 Bxe3 35. fxe3 Rb2 36. Bxa6 Rxb3 37. Bb5 Rb4 38. a6 Bxc4 39. a7 Bd5 40. Be2
c4 41. Be5 Ra4 42. Bd4 c3 43. Bd3 Ra2 44. e4 Ba8 45. Kf1 c2 46. Be3 Ra1+ 0-1

[Event "77th Ukrainian Chess Championship"]
[Site "Poltava"]
[Date "2008.12.06"]
[Round "5"]
[White "Zherebukh, Yaroslav"]
[Black "Pavlov, Maxim"]
[Result "1-0"]
[WhiteElo "2473"]
[BlackElo "2367"]
[PlyCount "75"]
[EventDate "2008.12.02"]

1. e4 c5 2. Nf3 d6 3. d4 cxd4 4. Nxd4 Nf6 5. Nc3 a6 6. Be3 e5 7. Nb3 Be6 8. h3
Nc6 9. Qf3 Rc8 10. O-O-O Qc7 11. Kb1 Na5 12. Bd3 Nc4 13. Bc1 b5 14. Nd5 Bxd5
15. exd5 Be7 16. g4 a5 17. h4 a4 18. Nd2 Qb7 19. Bf5 Rc7 20. g5 Nd7 21. Ne4 b4
22. h5 Nc5 23. g6 Nxe4 24. Bxe4 Bf6 25. gxh7 Ke7 26. Rh3 Na3+ 27. bxa3 Rc3 28.
Be3 bxa3+ 29. Kc1 Qb4 30. Rg1 Rhc8 31. Qf5 Ra8 32. h6 Rb3 33. cxb3 axb3 34.
hxg7 Qc3+ 35. Kd1 Qa1+ 36. Bb1 bxa2 37. Qxf6+ Kd7 38. Qxf7+ 1-0

[Event "77th Ukrainian Chess Championship"]
[Site "Poltava"]
[Date "2008.12.06"]
[Round "5"]
[White "Solovchuk, Alexey"]
[Black "Neverov, Valeriy"]
[Result "0-1"]
[WhiteElo "2285"]
[BlackElo "2571"]
[PlyCount "40"]
[EventDate "2008.12.02"]

1. e4 c5 2. Nf3 d6 3. d4 cxd4 4. Nxd4 Nf6 5. Nc3 a6 6. Be3 e5 7. Nb3 Be6 8. f3
Nbd7 9. g4 Nb6 10. Na5 d5 11. g5 d4 12. gxf6 gxf6 13. Nb5 axb5 14. Bxb5+ Bd7
15. Bxd7+ Nxd7 16. Bd2 Rxa5 17. Bxa5 Qxa5+ 18. Kf2 Bh6 19. a3 Be3+ 20. Kg2 Rg8+
0-1

[Event "77th Ukrainian Chess Championship"]
[Site "Poltava"]
[Date "2008.12.07"]
[Round "6"]
[White "Zubov, Alexander"]
[Black "Drozdovskij, Yuri"]
[Result "1/2-1/2"]
[WhiteElo "2564"]
[BlackElo "2587"]
[PlyCount "25"]
[EventDate "2008.12.02"]

1. d4 Nf6 2. Nf3 d6 3. c4 Nbd7 4. Nc3 e5 5. e4 Be7 6. Be2 O-O 7. O-O c6 8. Be3
Ng4 9. Bc1 Ngf6 10. Be3 a6 11. d5 Ng4 12. Bd2 Ngf6 13. b4 1/2-1/2